01087nam a2200241 a 450000100100000000500170001000800410002702000180006804000260008610000240011224501200013626000720025630000210032849000910034949000250044050400730046550400320053850000760057070000310064671000540067783000890073183000250082000004326620250909091242.0140303s2010 sp 000 0 spa d a9788483471197 aDO-SdBNPbspiacBNPHU1 aRubio, José Luis.10aJosé Luis Rubio Cordón /cJosé Luis Rubio ; edición, selección e introducción por Juan Maestre Alfonso. aMadrid :bAgencia Española de Cooperación Internacional,c2010. a186 p. ;c24 cm.1 aAntología del pensamiento político, social y económico de América latina ;v131 aCiencias y humanismo aIncluye referencias bibliográficas y notas al pie de las páginas aBibliografía : p. 185-186 aIncluye datos biográficos de los editores en al solapa de la cubierta1 aMaestre Alfonso, Juaneed.2 aAgencia Española de Cooperación Internacional 0aAntología del pensamiento político, social y económico de América Latinav13 0aCiencias y humanismo